00282nam a2200121Ia 4500003000400000008004100004082001700045100001900062245003800081260002500119300000800144650000800152OSt191201s2005 xx 000 0 und d a372.62 bRIE aRIZVI, Mashraf 0aEffective Technical Communication aNew DelhibTMHc2005 a545 aMBA